000 01199nmc a2200313 a 4500
003 AR-BaBNM
005 20251128205800.0
008 168019s1990 ||||||||||||||000 | spa||
020 _a950-582-277-0
040 _cAR-BaBNM
245 1 0 _aInvestigación, Ciencia y Sociedad
_bseminario taller interdisciplinario
260 _aBuenos Aires
_bHumanitas
_c1990
300 0 _a207 p.
490 0 _aGuidance
500 1 _aEl presente libro incluye el texto completo de las conferencias, intervenciones y debates del Seminario-Taller: "Introducción a la investigación científica" realizado en Córdoba, Argentina en agosto de 1988
504 _aBibliografía: epistemología de la ciencias e investigación científica: p. 197-207
610 2 4 _aCentro de Investigaciones para el Desarrollo Regional [Argentina]
650 4 _aINVESTIGACION CIENTIFICA
650 4 _aINVESTIGACION INTERDISCIPLINARIA
650 4 _aSOCIEDAD
650 4 _aSIGLO VEINTE
650 4 _aMETODOS DE INVESTIGACION
651 4 _aArgentina
653 0 _aMETODO CIENTIFICO
700 1 _aSobrino, Encarnación
_ecoordinador
800 1 _aSierra de Villaverde, Siela
_edirector
942 _cBK
998 _carturo
999 _c12791
_d12791